Представление документа в формате RUSMARC

ПолеНазваниеЗначение
  Тип записи a
  Библиографический уровень m
001 Контрольный номер b42b8ccf4e29411f82a3e703297bf9e5
005 Дата корректировки 20140603095108.6
010 Индекс ISBN __
a ISBN 978-5-9558-0128-5
010 Индекс ISBN __
a ISBN 978-5-16-003774-5
101 Язык документа 0_
a Язык текста rus
102 Страна публикации __
a Страна публикации RU
200 Заглавие и сведения об ответственности 1_
a Заглавие Теория, методология и практика бухгалтерского учета и контроля расчетов в корпоративных системах сферы услуг
f Первые сведения об ответственности А. М. Петров
210 Выходные данные 1_
c Издательство Вузовский учебник
a Место издания М.
d Дата издания 2010
210 Выходные данные 1_
c Издательство ИНФРА-М
215 Физическое описание __
a Объем 232, [2] с.
225 Серия 2_
a Серия Научная книга
610 Ключевые слова 0_
a Ключевые слова бухгалтерский учет
610 Ключевые слова 0_
a Ключевые слова теория
610 Ключевые слова 0_
a Ключевые слова методология
610 Ключевые слова 0_
a Ключевые слова практика
610 Ключевые слова 0_
a Ключевые слова корпоративные системы
610 Ключевые слова 0_
a Ключевые слова сфера услуг
610 Ключевые слова 0_
a Ключевые слова безналичные расчеты
610 Ключевые слова 0_
a Ключевые слова взаимозачеты
610 Ключевые слова 0_
a Ключевые слова учет движения обязательств
610 Ключевые слова 0_
a Ключевые слова учет просроченных обязательств
610 Ключевые слова 0_
a Ключевые слова расчеты
610 Ключевые слова 0_
a Ключевые слова договора
610 Ключевые слова 0_
a Ключевые слова коммерческие организации
610 Ключевые слова 0_
a Ключевые слова предпринимательские риски
610 Ключевые слова 0_
a Ключевые слова внутренний контроль
610 Ключевые слова 0_
a Ключевые слова товарное кредитование
610 Ключевые слова 0_
a Ключевые слова коммерческое кредитование
610 Ключевые слова 0_
a Ключевые слова управление расчетами
610 Ключевые слова 0_
a Ключевые слова налоговое планирование
686 Индексы других классификаций __
a Классификационный индекс 65.052.9(2)229
2 Код системы rubbk
700 Автор _1
a Фамилия Петров
b Имя А. М.
g Полное личное имя Александр Михайлович
801 Источник записи _0
a Страна RU
b Организация РУК
c Дата составления 20091117
g Правила каталогизации PSBO
801 Источник записи _1
a Страна RU
b Организация РУК
c Дата составления 20091117
g Правила каталогизации PSBO
852 Данные о местонахождении __
i Авторский знак П 30
j Шифр хранения ББК 65.052
901 Тип документа __
t Тип документа m
938 Служебная информация __
a Название организации Головной вуз
b Имя БД BOOK
c Название АИБС АИБС ИРБИС